Alphabet des éléments les plus lourds - Statistiques

Statistiques générales
  • Ce quiz a été pris 6 fois
  • Le résultat moyen est 12 sur 23
Statistiques - réponses
Hint Réponse % Correct
U Uranium
100%
O Oganesson
80%
V Vanadium
80%
Z Zirconium
80%
E Einsteinium
60%
I Iridium
60%
K Krypton
60%
T Tennesse
60%
X Xénon
60%
Y Ytterbium
60%
A Americium
40%
B Bohrium
40%
D Darmstadtium
40%
F Flérovium
40%
G Gadolinium
40%
H Hassium
40%
L Livermorium
40%
M Moscovium
40%
N Nihonium
40%
P Plutonium
40%
R Roentgenium
40%
S Seaborgium
40%
C Copernicium
20%
Aucun quiz correspondant
Distribution des résultats
% des personnes avec chaque résultat
Percentile par nombre de réponses
Votre historique - résultats
Vous n’avez pas pris ce quiz